000 00270nam a2200097Ia 4500
001 1207215
005 20251017100936.0
008 250824s9999 xx 000 0 und d
245 0 _aİKİ HÖDÜĞÜN SEYAHATİ
_cHÜSEYİN RAHMİ GÜRPINAR
260 _bÖZGÜR YAYINLARI
999 _c1207215
_d1207215